<?xml version="1.0" encoding="UTF-8"?>
<record
    xmlns:xsi="http://www.w3.org/2001/XMLSchema-instance"
    xsi:schemaLocation="http://www.loc.gov/MARC21/slim http://www.loc.gov/standards/marcxml/schema/MARC21slim.xsd"
    xmlns="http://www.loc.gov/MARC21/slim">

  <leader>01989cam a2200277 a 4500</leader>
  <controlfield tag="001">17607799</controlfield>
  <controlfield tag="003">OSt</controlfield>
  <controlfield tag="005">20240117123322.0</controlfield>
  <controlfield tag="008">130130s2013    nyua     b    001 0 eng  </controlfield>
  <datafield tag="010" ind1=" " ind2=" ">
    <subfield code="a">  2012046396</subfield>
  </datafield>
  <datafield tag="020" ind1=" " ind2=" ">
    <subfield code="a">9780823251803 (cloth : alk. paper)</subfield>
  </datafield>
  <datafield tag="040" ind1=" " ind2=" ">
    <subfield code="a">DLC</subfield>
    <subfield code="c">DLC</subfield>
    <subfield code="d">DLC</subfield>
  </datafield>
  <datafield tag="050" ind1="0" ind2="0">
    <subfield code="a">JC359</subfield>
    <subfield code="b">.A55 2013</subfield>
  </datafield>
  <datafield tag="082" ind1="0" ind2="0">
    <subfield code="a">325.3</subfield>
    <subfield code="b">AGN/H</subfield>
  </datafield>
  <datafield tag="100" ind1="1" ind2=" ">
    <subfield code="a">Agnani, Sunil M.</subfield>
    <subfield code="9">9980</subfield>
  </datafield>
  <datafield tag="245" ind1="1" ind2="0">
    <subfield code="a">Hating empire properly :</subfield>
    <subfield code="b">India, the Indies, and Enlightenment Anticolonialism /</subfield>
    <subfield code="c">Sunil M. Agnani.</subfield>
  </datafield>
  <datafield tag="260" ind1=" " ind2=" ">
    <subfield code="a">New York :</subfield>
    <subfield code="b">Fordham University Press,</subfield>
    <subfield code="c">2013.</subfield>
  </datafield>
  <datafield tag="300" ind1=" " ind2=" ">
    <subfield code="a">xxiii, 280 pages :</subfield>
    <subfield code="b">ill. ;</subfield>
    <subfield code="c">24 cm</subfield>
  </datafield>
  <datafield tag="504" ind1=" " ind2=" ">
    <subfield code="a">Includes bibliographical references (p. [191]-265) and index.</subfield>
  </datafield>
  <datafield tag="505" ind1="1" ind2=" ">
    <subfield code="a">Prologue: Enlightenment, colonialism, modernity -- Introduction: companies, colonies, and their critics -- Part I: Denis Diderot: the two Indies of the French Enlightenment -- 1. Doux commerce, douce colonisation: consensual colonialism in Diderot's thought -- 2. On the use and abuse of anger for life: ressentiment and revenge in the Histoire des deux Indes -- Part II: Edmund Burke: political analogy and Enlightenment critique -- 3. Between France and India in 1790: custom and arithmetic reason in a country of conquest -- 4. Jacobinism in India, Indianism in English Parliament: fearing the Enlightenment and colonial modernity with Edmund Burke -- 5. Atlantic revolutions and their Indian echoes: the place of America in Burke's Asia writings -- Reflections on the revolution in St. Domingue/Haiti -- Compensation in the East, or, From Virginia to Hindostan -- Epilogue. Hating empire properly: European anticolonialism at its limit.</subfield>
  </datafield>
  <datafield tag="650" ind1=" " ind2="0">
    <subfield code="a">Imperialism</subfield>
    <subfield code="x">History.</subfield>
  </datafield>
  <datafield tag="650" ind1=" " ind2="0">
    <subfield code="a">Imperialism</subfield>
    <subfield code="x">Philosophy.</subfield>
  </datafield>
  <datafield tag="906" ind1=" " ind2=" ">
    <subfield code="a">7</subfield>
    <subfield code="b">cbc</subfield>
    <subfield code="c">orignew</subfield>
    <subfield code="d">1</subfield>
    <subfield code="e">ecip</subfield>
    <subfield code="f">20</subfield>
    <subfield code="g">y-gencatlg</subfield>
  </datafield>
  <datafield tag="942" ind1=" " ind2=" ">
    <subfield code="2">ddc</subfield>
    <subfield code="c">BK</subfield>
    <subfield code="h">325.3</subfield>
    <subfield code="i">AGN/H</subfield>
    <subfield code="k">325.3</subfield>
    <subfield code="m">AGN/H</subfield>
  </datafield>
  <datafield tag="952" ind1=" " ind2=" ">
    <subfield code="0">0</subfield>
    <subfield code="1">0</subfield>
    <subfield code="2">ddc</subfield>
    <subfield code="4">0</subfield>
    <subfield code="7">0</subfield>
    <subfield code="8">SOCIAL SCIENCE</subfield>
    <subfield code="a">MES</subfield>
    <subfield code="b">MES</subfield>
    <subfield code="c">HIS</subfield>
    <subfield code="d">2023-12-04</subfield>
    <subfield code="l">0</subfield>
    <subfield code="o">325.3 AGN/H</subfield>
    <subfield code="p">44071</subfield>
    <subfield code="r">2023-12-04 10:48:29</subfield>
    <subfield code="v">895.00</subfield>
    <subfield code="w">2023-12-04</subfield>
    <subfield code="y">BK</subfield>
    <subfield code="z">GL42R1</subfield>
  </datafield>
  <datafield tag="999" ind1=" " ind2=" ">
    <subfield code="c">43888</subfield>
    <subfield code="d">43888</subfield>
  </datafield>
</record>
